<?xml version="1.0" encoding="UTF-8"?>
<marc:record xmlns:marc="http://www.loc.gov/MARC21/slim">
   <marc:leader>00000nam a2200000 a 4500</marc:leader>
   <marc:datafield ind1="1" ind2=" " tag="100">
      <marc:subfield code="a">Adams, Susan</marc:subfield>
      <marc:subfield code="4">aut</marc:subfield>
      <marc:subfield code="e">Verfasser/-in</marc:subfield>
   </marc:datafield>
   <marc:datafield ind1=" " ind2=" " tag="653">
      <marc:subfield code="a">Basteln</marc:subfield>
   </marc:datafield>
   <marc:datafield ind1=" " ind2=" " tag="653">
      <marc:subfield code="a">Spiel</marc:subfield>
   </marc:datafield>
   <marc:datafield ind1=" " ind2=" " tag="653">
      <marc:subfield code="a">Werken</marc:subfield>
   </marc:datafield>
   <marc:datafield ind1=" " ind2=" " tag="653">
      <marc:subfield code="a">Beschäftigung</marc:subfield>
   </marc:datafield>
   <marc:datafield ind1=" " ind2=" " tag="653">
      <marc:subfield code="a">Kinder</marc:subfield>
   </marc:datafield>
   <marc:datafield ind1="0" ind2="0" tag="245">
      <marc:subfield code="a">Das große Beschäftigungsbuch für Kinder</marc:subfield>
   </marc:datafield>
   <marc:datafield ind1="0" ind2="0" tag="245">
      <marc:subfield code="b">über 250 tolle Ideen zum Spielen, Basteln, Malen, Kochen und Verkleiden</marc:subfield>
   </marc:datafield>
   <marc:datafield ind1=" " ind2="1" tag="264">
      <marc:subfield code="b">Loewe</marc:subfield>
      <marc:subfield code="c">1999</marc:subfield>
   </marc:datafield>
   <marc:datafield ind1="1" ind2=" " tag="490">
      <marc:subfield code="a">Ein Dorling Kindersley Buch</marc:subfield>
   </marc:datafield>
   <marc:datafield ind1="1" ind2=" " tag="520">
      <marc:subfield code="a">Dies ist eine, auch als solche gekennzeichnete, Zusammenfassung von Bastel-, Werk- und Handarbeiten sowie Spielvorschlägen aus den Dorling Kindersley Titeln "Spiel und Spaß an Regentagen", "... an Sonnentagen", "... mit Masken und Kostümen", "Tolle Sachen - leicht gemacht" und "Mach mit, wir spielen". Das etwas verkleinerte Format beeinträchtigt das großzügige, attraktive Layout kaum merklich, die Rechtschreibung wurde aktualisiert. Die Vorschläge sind thematisch gebündelt in Themenkreise und beinhalten Geschenkideen, Nützliches und Schönes aus Papier und Pappe, Stoff, Modelliermassen und Naturmaterialien; dazu kommen experimentelle Aktivitäten in Haus, Garten und in freier Natur, Vorschläge zum Schminken und Verkleiden, Rezepte für deftige und süße Leckereien sowie Spiele für drinnen und draußen einschließlich Bastelanleitungen für das Spielmaterial. Wie schon zu o.g. Titeln gesagt, ist viel Bekanntes, auch manch weniger Sinnvolles darunter, doch überwiegt der positive Gesamteindruck. Eine sehr günstige Alternative zu den Einzelbänden. Für ca. 7- bis 12-Jährige.  *ekz*

Tolle Geschenkideen; Nützliches und Schönes selbst gemacht; Auf geht's zum Verkleiden; Spaß mit Naturmaterialien; Draußen ist was los!; Spiel und Spaß an kalten Tagen; Spiele für drinnen und draußen</marc:subfield>
   </marc:datafield>
   <marc:datafield ind1=" " ind2=" " tag="020">
      <marc:subfield code="a">9783785533468</marc:subfield>
      <marc:subfield code="9">9783785533468</marc:subfield>
   </marc:datafield>
</marc:record>
